| 000 | 01015nas a2200277 4500 | ||
|---|---|---|---|
| 001 | BR9200786 | ||
| 003 | BR-BrBNA | ||
| 005 | 20231205092315.0 | ||
| 007 | ta | ||
| 008 | 230509b bl.|||p| |||| 00| 00por d | ||
| 040 |
_aBR-BrBNA _bpor _cBiblioteca Nacional de Agricultura |
||
| 041 | _a(Pt) | ||
| 072 | _aH20 | ||
| 100 | 1 | _aPimentel, C.P.V. | |
| 100 | 1 | _aFeitosa, M.I. | |
| 100 | 1 | _aOliveira, V.P. de | |
| 100 | 1 | _aFeichtenberger, E. | |
| 111 | 1 |
_a11. Congresso Paulista de Fitopatologia _cCampinas, SP (Brazil) _d8-10 Dec 1988 |
|
| 245 | 1 | _aPodridao aquosa de rizomas de gengibre (Zingiber officinale)induzida por Phytophthora nicotianae var. parasitica | |
| 246 | 1 | _aSoft rot of ginger (Zingiber officinale)rhizomes incited by Phytophthora nicotianae var. parasitica | |
| 650 | _aGENGIBRE | ||
| 650 | _aPODRIDAO AQUOSA | ||
| 773 | 0 |
_tFitopatologia Brasileira (Brazil) _xISSN 0100-4158 _g(Mar 1991), v. 16(1) p. 132-134 _wBR9200786 |
|
| 909 |
_a202311 _bLúcia _c55 _dLúcia Elande |
||
| 942 |
_2AGRIS _n0 _cANA |
||
| 999 |
_c130814 _d130814 |
||